[Event "IBM-21 Herinnerungs Toernooi"]
[Site "Amsterdam"]
[Date "1981.05.??"]
[Round "?"]
[White "Karpov, Anatoly"]
[Black "Timman, Jan H"]
[Result "1/2-1/2"]
[WhiteElo "2690"]
[BlackElo "2620"]
[Annotator "Notkin,M"]
[PlyCount "64"]
[EventDate "1981.05.24"]
[EventType "tourn"]
[EventRounds "11"]
[EventCountry "NED"]
[EventCategory "13"]
[SourceTitle "MCL"]
[Source "ChessBase"]
[SourceDate "1999.07.01"]
[SourceVersion "1"]
[SourceVersionDate "1999.07.01"]
[SourceQuality "1"]

1. Nf3 Nf6 2. c4 b6 3. g3 Bb7 4. Bg2 g6 5. d4 c5 6. O-O Bg7 7. Nc3 Ne4 $6 (7...
cxd4) 8. Nxe4 Bxe4 9. d5 O-O (9... e5 10. Qb3 O-O 11. Bh3 Bxf3 12. Qxf3 f5 13.
e4 f4 14. Qd1 $16 {Karpov,An-Timman,J/Bruxelles/1986/1:0/105/}) 10. Bh3 $1 Bxf3
11. exf3 e5 (11... e6 12. Re1 Bd4 13. Bh6 Re8 14. Qa4 a6 15. f4 Ra7 16. Rad1
$16 {Korchnoi,V-Panno,O/Luzern/1985/1:0/27/}) 12. f4 exf4 13. Bxf4 Bxb2 14. Rb1
Bf6 15. Qa4 d6 16. Rb3 $6 (16. Rfe1 a6 17. Re2 Ra7 18. Rbe1 b5 19. cxb5 Kg7 20.
Qa3 $16 {Loginov,V-Zaichik,G/Belgrade/1988/0:1/40/}) 16... h5 $1 17. Re1 g5 $1
18. Rbe3 $1 gxf4 19. Re8 (19. gxf4 $5 Bd4 (19... Kg7 $5 20. Re8 $44) 20. Rg3+
Kh8 (20... Kh7 21. Qc2+ Kh6 22. Re6+ $18) 21. Qd1 Qh4 22. Re4 {/\f5/} Rg8 23.
Rxg8+ Kxg8 24. Re8+ Kg7 25. Qf3 $44) 19... b5 $1 (19... Qc7 20. Rxf8+ Kxf8 21.
Re8+ Kg7 22. gxf4 {/\Qb3-g3/} Qb7 23. Bc8 $1 $18) 20. Qxb5 Qb6 21. Rxf8+ Kxf8
22. Re8+ Kg7 23. gxf4 Qxb5 24. cxb5 Bc3 25. Bf1 (25. Bc8 Nd7 $10) 25... Ba5 26.
Rc8 (26. Kg2 Bc7 27. Rc8 Ba5 28. Kf3 Kf6 $10) 26... Kf6 27. Kg2 Ke7 28. Kf3 Bd8
29. a4 a6 30. bxa6 Kd7 31. Bh3+ Ke7 32. Bf1 Kd7 1/2-1/2

[Event "Olympiad-23"]
[Site "Buenos Aires"]
[Date "1978.11.01"]
[Round "7"]
[White "Langeweg, Kick"]
[Black "Wedberg, Tom Birger"]
[Result "0-1"]
[WhiteElo "2445"]
[BlackElo "2360"]
[Annotator "Ornstein,A"]
[PlyCount "102"]
[EventDate "1978.10.25"]
[EventType "team-swiss"]
[EventRounds "14"]
[EventCountry "ARG"]
[SourceTitle "EXT 2000"]
[Source "ChessBase"]
[SourceDate "1999.11.16"]
[SourceVersion "1"]
[SourceVersionDate "1999.11.16"]
[SourceQuality "1"]
[WhiteTeam "Netherlands"]
[BlackTeam "Sweden"]
[WhiteTeamCountry "NED"]
[BlackTeamCountry "SWE"]

{Inf.26/53} 1. Nf3 c5 2. c4 Nc6 3. d4 cxd4 4. Nxd4 e6 5. g3 Bb4+ 6. Bd2 Qb6 7.
Nb3 Ne5 $5 8. Bxb4 $2 (8. Qc2) 8... Qxb4+ 9. Qd2 Qxc4 $17 10. Bg2 Ne7 11. Na3
Qa6 12. O-O O-O 13. Rac1 d5 14. Rfd1 Qb6 15. Nc5 Nc4 16. Nxc4 Qxc5 17. Ne5 Qb6
(17... Qd6 18. Qf4 {/\ Ng6}) 18. Qc2 f6 19. Nd3 Bd7 20. Nc5 (20. Qc7 Rfd8 21.
Qxb6 axb6 22. Rc7 Rab8) 20... Rad8 21. Rd3 Bc8 22. Rb3 Qc6 23. Qd2 b6 24. Na6
Qd6 25. Nc7 Bd7 26. Nb5 Bxb5 27. Rxb5 Rc8 28. Rxc8 Rxc8 29. Rb3 Rc4 30. h4 Nc6
31. Re3 d4 32. b3 Rc5 33. Rd3 e5 34. Kh2 (34. e3 $2 Nb4) 34... f5 35. e3 e4 36.
exd4 Rd5 37. Rc3 Nxd4 $6 (37... h6) 38. Rc8+ Kf7 39. Qg5 Ne6 40. Qh5+ Kf6 41.
Qxh7 Rd2 42. h5 $1 Rxf2 43. Qg6+ Ke5 44. Re8 Qd7 45. Kg1 (45. g4 Kd5 $1 46. Kh1
Nf4 47. Bxe4+ Kd4 $1 48. Bxf5 Qc7 49. Re4+ Kc3 50. Qe8 Rf1+ 51. Kh2 Nd3+ $19)
45... Rc2 $3 (45... Rxa2 46. g4 Qd1+ 47. Kh2 Rxg2+ 48. Kxg2 Qxg4+ $15) 46. g4
Qd1+ 47. Kh2 Qd6 48. gxf5 (48. Kh3 Kd4 $1 {/\ Rc3+-+}) 48... Kd5+ 49. Kg1 Rc1+
50. Bf1 Qc5+ 51. Kh2 Qf2+ (51... Qf2+ 52. Qg2 Rxf1) 0-1

[Event "World Cup"]
[Site "Khanty-Mansiysk"]
[Date "2009.11.21"]
[Round "1.1"]
[White "Bu, Xiangzhi"]
[Black "Pelletier, Yannick"]
[Result "1/2-1/2"]
[WhiteElo "2682"]
[BlackElo "2589"]
[Annotator "Pelletier,Y"]
[PlyCount "177"]
[EventDate "2009.11.21"]
[EventType "k.o."]
[EventRounds "7"]
[EventCountry "RUS"]
[SourceTitle "CBM 134"]
[Source "ChessBase"]
[SourceDate "2010.01.18"]
[SourceVersion "1"]
[SourceVersionDate "2010.01.18"]
[SourceQuality "1"]

1. Nf3 Nf6 2. c4 c5 3. Nc3 e6 4. g3 b6 5. Bg2 Bb7 6. O-O Be7 7. d4 cxd4 8. Qxd4
d6 9. Bg5 a6 10. Bxf6 Bxf6 11. Qf4 O-O 12. Rfd1 Be7 13. Ne4 Bxe4 14. Qxe4 Ra7
15. Nd4 Rd7 {Diesen Zug hatte ich bereits gespielt, werde ihn aber nach dieser
Partie aufgeben müssen!} 16. Bh3 $1 Bf6 (16... d5 17. cxd5 Rxd5 18. Rd3 $16)
17. Nxe6 Re7 18. Bf5 ({Diese interessante Idee ist nicht nötig! Weiß steht nach
} 18. Nxd8 $1 Rxe4 19. Nb7 Rxe2 20. Rab1 {besser.}) 18... fxe6 19. Bxh7+ Kh8
20. Bg6 Bg5 21. Rd3 d5 $5 ({Ich entschied mich für die Aufgabe eines dritten
Bauern, um mein Spiel zu befreien. Nach} 21... Rf6 22. Rad1 Rd7 23. h4 Bh6 24.
g4 {hat Schwarz Schwierigkeiten.}) 22. Rad1 $2 ({Dieser taktische Fehler
bleibt unbestraft. Besser war} 22. Qg4 Rd7 23. cxd5 exd5 24. Rad1 Bh6 25. Bf5
Rd6 26. e4 $13) 22... Ref7 $4 ({Dies war meine Absicht, daher übersah ich die
überraschende Ressource} 22... Qe8 $1 {Schwarz behält die Mehrfigur und
erzwingt Vereinfachungen:} 23. cxd5 exd5 24. Bxe8 dxe4 25. Rd5 Rfxe8 26. Rxg5
Nd7 $17) 23. cxd5 ({Weiß erzielt nichts Besonderes nach} 23. Qxe6 Rf6 $1 (23...
Rxf2 $2 24. Rxd5 $18) 24. Qh3+ Bh6 25. Bh5 Nc6 $1 26. Rxd5 Qe7 $44 {, da
plötzlich alle schwarze Figuren aktiv stehen.}) 23... Rxf2 24. dxe6 Qe7 (24...
Qf6 {scheitert an} 25. Bf7 Nc6 26. h4 $1 Bh6 27. Qxc6 Rxe2 (27... Rxf7 $2 28.
Rd8+ Rf8 29. Rxf8+ Qxf8 30. e7 $18) 28. Qf3 Qxf3 29. Rxf3 Rxe6 30. Bxe6 Rxf3
31. Rd8+ Kh7 32. Kg2 $16) 25. Rf3 $2 (25. h4 $1 {war wichtig, um den Läufer
nach h6 zu zwingen, und nach} Bh6 (25... Qc5 26. Kh1 $1 Rf1+ 27. Rxf1 Rxf1+ 28.
Kg2 Rg1+ 29. Kh3 $18 {[%cal Gd3d5]}) 26. Rf3 R2xf3 27. exf3 $16 {den Zug} Rd8
$2 {nicht zu gestatten:} 28. Rxd8+ Qxd8 29. e7 {[%csl Rh6]}) 25... R2xf3 ({
Sicherer als} 25... R8xf3 26. exf3 Rxb2 27. Kh1 $44 {, wo die Grundlinie
schwach ist.}) 26. exf3 Rd8 27. Re1 ({Nach} 27. Rxd8+ Qxd8 {sind die Chancen
etwa verteilt, z.B.:} 28. Kg2 Qd2+ 29. Kh3 Bf6 30. f4 Qd6 31. f5 Nc6 $13) 27...
Qc5+ 28. Kg2 Nc6 29. h4 Bf6 30. Qg4 Rd4 31. Be4 Ne7 {Weiß besitzt 3 Bauern für
die Figur, sowie weiterhin Angriffsperspektiven auf den gegnerischen König.
Dafür sind diese Bauern auf den schwarzen Feldern gut blockiert. Die kommende
Zeitnotphase wird von beiderseitigen Ungenauigkeiten markiert.} 32. Kh3 Kg8 33.
b3 Kf8 34. Re2 g6 (34... Nd5 $1 35. Qg6 Qe7 $11) 35. f4 Qc1 36. Qf3 Qd1 $6 $138
({Richtig war} 36... Rd6 37. f5 gxf5 38. Bxf5 Nxf5 39. Qxf5 Qh1+ 40. Rh2 Qa1 $1
$11) 37. h5 (37. Bc2 {sieht beängstigend aus, aber Schwarz hält sich mittels}
Qc1 38. h5 (38. Qa8+ Kg7 39. Qe8 Qf1+ 40. Rg2 Rd2 41. Qf7+ Kh6 42. Qxf6 Qxg2+
43. Kg4 $11) 38... Kg7 39. hxg6 Rd8 $132 {über Wasser.}) 37... Kg7 38. hxg6 $6
$138 (38. g4 $1 $16 {wäre ein ernsthaftes Problem gewesen.}) 38... Rd8 39. Kg4
Ng8 (39... Nxg6 $142) 40. Rh2 $6 (40. Rc2 Nh6+ (40... Qg1 41. Rc7+ Ne7) 41. Kh3
Qxf3 42. Bxf3 Be7 43. g4 $16) 40... Nh6+ 41. Kh3 Qd6 $6 ({Nach der Zeitnot
rechnete ich die kommenden schwierigen Varianten mit dem Opfer auf g4, und
hielt sie für vielversprechend. Im Endspiel nach} 41... Qxf3 42. Bxf3 Rd3 $11 {
hat Schwarz nichts mehr zu befürchten.}) 42. g4 $1 (42. f5 {scheitert an} Nf7
$1 $40) 42... Qxe6 43. Kg3 Nxg4 $2 (43... Qe7 {oder}) (43... Rd4 {hätten zu
einer ungefähr gleichen Stellung geführt.}) 44. Rh7+ Kg8 45. Qe2 $2 ({Den
Textzug hatte ich übersehen, er machte deshalb einen starken Eindruck auf mich.
Ich hatte nur} 45. Qh1 $6 {berechnet, wonach Schwarz nur knapp an den Sieg
vorbeikommt.} Ne3 (45... Bc3 $5) 46. Kf3 Nd1 (46... Nf5 $2 47. Bxf5 Qxf5 48.
Rh8+ Bxh8 49. Qh7+ Kf8 50. g7+ $18) 47. Ra7 Rd3+ {Dass sich hier Weiß retten
kann, gleicht einem Mirakel! Aber solche gibt es auch im Schach!} 48. Ke2 Rh3
49. Ra8+ Kg7 50. Ra7+ Kf8 51. Ra8+ Ke7 52. Ra7+ Ke8 53. Ra8+ Bd8 54. Rxd8+ $1
Ke7 $5 55. Qxh3 $1 Qxh3 56. Rxd1 {Nach einer Reihe von einzigen Zügen
behauptet sich Weiß in diesem Endspiel:} Qg4+ 57. Kd2 Qxf4+ 58. Kd3 $11) ({
Nebenbei entging uns völlig der entscheidende Rückzug} 45. Rh5 $1 {[%cal Ge4f5,
Ge4d5] , wonach Schwarz hilflos ist!}) 45... b5 $6 ({Müdigkeit lässt sich
fühlen ... Zum Remis führte} 45... Rd2 $1 46. Qc4 (46. Qxd2 Qxe4 47. Rc7 Nh6 $1
$15) 46... Qxc4 47. bxc4 Ne3 48. Ra7 Nxc4 49. Rxa6 Rd7 $11) 46. f5 ({Die
Alternativen bringen nichts ein:} 46. Rh5 Kg7 47. f5 Qe5+ 48. Kxg4 Rd2 $1 $11)
({oder} 46. Rh1 Bc3 $1 47. g7 Nf6 $1 48. Rh8+ (48. Bh7+ Kf7 $11) 48... Kxg7 49.
Rxd8 Nxe4+ 50. Kf3 Ng5+ 51. fxg5 Qf5+ {und Schwarz entwischt mit einem
Dauerschach nach} 52. Kg3 Be5+ 53. Kh4 Qf4+ 54. Qg4 Qh2+ 55. Qh3 Qf4+) 46...
Qe5+ 47. Kxg4 Rd4 $2 ({Ich übersah einfach den 49. weißen Zug! Ob ich aber} 
47... Rd2 {gefunden hätte, ist eine andere Frage. Schwarz erzwingt allenfalls
das Remis:} 48. Qxd2 Qxe4+ 49. Qf4 (49. Kg3 Be5+ 50. Kf2 Qxf5+ 51. Ke1 Qe4+ $11
) 49... Qg2+ 50. Qg3 Qe4+ 51. Kh3 Qh1+ 52. Qh2 Qf3+ 53. Qg3 $11) 48. Kf3 Bg5
49. Bd3 {Schwarz muss nun ein schwieriges Endspiel verteidigen.} Rf4+ 50. Kg2
Qxe2+ 51. Bxe2 Rxf5 52. Bd3 Rd5 53. Be4 Re5 54. Kf3 Re7 55. Bd5+ Kf8 56. Rh8+
Kg7 57. Rg8+ Kh6 58. Bf7 ({Für stärker hielt ich} 58. Be4 {, steht ja der
Läufer hier flexibler.}) 58... Re3+ 59. Kg4 Re4+ 60. Kf5 Rf4+ 61. Ke5 Rf2 {
Es sieht aus, als könne Weiß den Abtausch eines Bauern am Damenflügel nicht
verhindern. Dies ist ein wichtiger Teil der schwarzen Verteidigung.} 62. b4
Bf6+ 63. Kd6 Rf4 64. Kc5 (64. Ra8 Rxb4 65. Rxa6 Rf4 66. Ra5 b4 {[%cal Gf6c3]}
67. Rh5+ Kg7 68. Rh7+ Kf8 69. Be6 Bg7) 64... Bd4+ 65. Kc6 Bg7 66. Kb6 Rxb4 67.
Kxa6 Rb2 68. Rc8 b4 69. Kb5 Bc3 70. Rc7 Be5 71. Rc4 Bc3 72. Rh4+ Kg7 73. Rh7+
Kf8 74. Bb3 Rg2 75. Rf7+ Ke8 76. Rf3 Rg5+ 77. Ka4 Ke7 78. Bf7 Rg1 79. Kb3 Rb1+
80. Kc4 Ra1 81. Kc5 Rc1 82. Kb5 ({Weiß kann gegen den schwarzen König
Mattdrohungen aufstellen, aber nach} 82. Bc4 Rg1 83. Rf7+ Ke8 84. Bb5+ Kd8 85.
Bd3 {[%cal Gc5d6]} Rg3 86. Be4 Rg4 87. Bf5 Rg2 {ist es unklar, ob das genügt.
Wegen Zeitmangel gelang es meinem chinesischen Gegner, keinen konstruktiven
Plan zu finden.}) 82... Rb1 83. Kc6 Rc1 84. Kc5 Ra1 85. Bd5 Rg1 86. Bf7 Rc1 87.
Kb5 Rb1 88. Ka4 Rg1 89. Kb5 1/2-1/2

[Event "ESP-chT"]
[Site "Sanxenxo"]
[Date "2004.11.20"]
[Round "3"]
[White "Malakhov, Vladimir"]
[Black "Pelletier, Yannick"]
[Result "1/2-1/2"]
[WhiteElo "2664"]
[BlackElo "2589"]
[Annotator "Pelletier,Y"]
[PlyCount "104"]
[EventDate "2004.11.18"]
[EventType "team"]
[EventRounds "9"]
[EventCountry "ESP"]
[SourceTitle "CBM 105"]
[Source "ChessBase"]
[SourceDate "2005.04.11"]
[SourceVersion "1"]
[SourceVersionDate "2005.04.11"]
[SourceQuality "1"]

1. Nf3 Nf6 2. c4 e6 3. Nc3 c5 4. g3 b6 5. Bg2 Bb7 6. O-O Be7 7. b3 d6 8. Bb2
O-O 9. e3 Nbd7 10. Qe2 a6 11. Rfd1 Re8 12. e4 Qc7 13. d4 cxd4 14. Nxd4 Bf8 15.
Re1 g6 16. Rad1 Rac8 17. h3 Qb8 {Beide Kontrahenten haben natürliche Igel-Züge
gespielt. Die Figuren sind entwickelt, Pläne müssen nun gefunden werden.} 18.
Nc2 Red8 (18... Bg7 19. Qd2) 19. Rd2 Bh6 {Unnötig, aber ich hatte die
Kombination der nächsten Anmerkung nicht richtig gerechnet. Typisches
Igel-"Nichts tun" war wohl genauer.} 20. Ne3 Bg7 ({Meine Absicht war} 20... Nc5
$6 {aber ich erschrak vor} 21. Ncd5 $5 (21. Red1 {ist eigentlich auch möglich!}
) 21... Nfxe4 22. Ng4 Bxd2 23. Ngf6+ Nxf6 24. Nxf6+ Kf8 25. Qxd2 Bxg2 26. Kxg2
$40 {[%csl Gf6,Rf8,Yg7,Yh6][%cal Gb2h8] mit gefährlichen Drohungen.}) 21. Qd1
Nc5 22. Qa1 Ne8 $1 {Diese Verteidigung wurde von meinem Gegner übersehen. Laut
eigenen Ansagen verstand er sofort, dass Schwarz nichts zu fürchten hat.} 23.
Nc2 (23. b4 Bxc3 $1 24. Bxc3 Nxe4) 23... h5 24. Nd4 Bh6 25. Rdd1 Ba8 26. Qb1
Bg7 ({Sofort} 26... Nc7 {war auch gut.}) 27. Qc1 Nc7 28. Qe3 b5 29. cxb5 axb5
30. b4 Nd7 31. Bf1 Ne5 ({Nach} 31... Nb6 32. Ndxb5 Nxb5 {ist} 33. Bxb5 {
möglich.} Nc4 34. Bxc4 Rxc4 35. a3 $14) 32. Ncxb5 (32. Ndxb5 Nxb5 33. Bxb5 $2
Rxc3 34. Qxc3 Qxb5 35. f4 Nf3+) 32... Nxb5 33. Nxb5 (33. Bxb5 Nc4 34. Bxc4 Rxc4
{[%csl Ge4][%cal Ge6e5]}) 33... Nc4 34. Bxc4 Rxc4 {Schwarz gewinnt den Bauern
zurück und gleicht aus.} 35. Bxg7 Kxg7 36. a4 Rxe4 (36... e5 $6 37. Qd3 Rxb4
38. Qc3 Rxa4 39. Nxd6 f6 40. Qc5 $36) 37. Qc3+ Kg8 38. Rxe4 Bxe4 39. Qc7 d5 40.
a5 Rc8 (40... Qxb5 $2 {funktionniert nicht} 41. Qxd8+ Kg7 42. Qb6 Qe2 43. Qd4+
Kh7 44. Kh2 $18) 41. Qxb8 (41. Qd7 Rd8 $11) 41... Rxb8 42. Nc3 Rxb4 43. a6 Bf3
{[%cal Gd5d4,Gf3a8]} 44. Rd3 ({Auch das studienhafte} 44. Rd4 $5 {genügt nicht:
} Rxd4 45. a7 Rd1+ 46. Nxd1 d4) 44... d4 45. Rxf3 dxc3 46. Rxc3 Ra4 47. Rc6 Kg7
(47... h4 $11) 48. h4 Kf6 49. Kg2 Ra3 50. Rb6 g5 (50... Kg7 $11) (50... Ke5 51.
Rb7 Rxa6 52. Rxf7 Ra2 53. Kf1 Rb2 54. Ke1 Ra2 $11) 51. hxg5+ Kxg5 52. Rb7 Rxa6
1/2-1/2

[Event "EU-Cup 17th"]
[Site "Panormo"]
[Date "2001.09.25"]
[Round "3.4"]
[White "Stanec, Nikolaus"]
[Black "Pelletier, Yannick"]
[Result "0-1"]
[WhiteElo "2530"]
[BlackElo "2531"]
[Annotator "Pelletier,Y"]
[PlyCount "52"]
[EventDate "2001.09.22"]
[EventType "team-swiss"]
[EventRounds "7"]
[EventCountry "GRE"]
[SourceTitle "CBM 084 Extra"]
[Source "ChessBase"]
[SourceDate "2001.10.26"]
[SourceVersion "1"]
[SourceVersionDate "2001.10.26"]
[SourceQuality "1"]
[WhiteTeam "Graz Merkur"]
[BlackTeam "Werder Bremen"]
[WhiteTeamCountry "AUT"]
[BlackTeamCountry "GER"]

1. c4 Nf6 2. Nc3 c5 3. g3 e6 4. Nf3 b6 5. Bg2 Bb7 6. O-O Be7 7. d4 cxd4 8. Qxd4
d6 9. Rd1 a6 10. b3 Nbd7 11. Bb2 O-O 12. Ng5 Bxg2 13. Kxg2 Qc7 14. Nge4 Rfd8
15. f3 Ne8 {Ein typisches Mannöver, nach welchem der weisse Ne4 etwas
exponiert aussieht.} 16. Rac1 Qb7 {[%cal Gb6b5,Gd6d5]} 17. Ba3 Ne5 18. Qe3 (18.
Nf2 b5) ({Anscheinend wurde} 18. Nxd6 $6 {schon gespielt, aber während der
Partie sah ich keinen weissen Ausgleich nach} Nxd6 (18... Rxd6 19. Bxd6 Bxd6
20. Ne4 Bc7 21. c5 $44) 19. Qxe5 Nxc4 20. bxc4 Bxa3 $15) 18... Nc6 19. Bb2 $6 (
{Weiss sollte den typischen Igel-Durchbruch mittels} 19. Qd3 {[%csl Rb5]
verhindern, wonach ich wahrscheinlich} Ne5 20. Qe3 h6 {gezogen hätte.}) 19...
b5 20. cxb5 axb5 21. Qd3 $6 ({Vorzuziehen war} 21. a4 {, auch wenn sich
Schwarz mittels} d5 22. Nc5 (22. axb5 Na5 $17) 22... Bxc5 (22... Qb6 $6 23.
Nxb5 d4 24. Rxd4 $1) 23. Qxc5 bxa4 24. bxa4 Nd6 $15 {[%csl Ra4,Rc4,Re3][%cal
Gd6c4] einen positionnellen Vorteil sichert.}) 21... d5 22. Nf2 Nd6 ({Das
Endspiel nach} 22... Nb4 $6 23. Qxb5 Qxb5 24. Nxb5 Rxa2 25. Rb1 $15 {sollte
Weiss bei präziser Verteidigung remisieren können.}) 23. a4 (23. e4 d4 24. Ne2
e5 $36) 23... Ne5 24. Qd2 $2 ({Verpasst einen taktischen Schlag. Ich hatte
eine der beiden folgenden Möglichkeiten erwartet:} 24. Qb1 bxa4 (24... Nf5 25.
Nxb5 Ne3+ 26. Kg1 Nxd1 27. Nxd1 Nc6 $15 {/-/+}) 25. Nxa4 Qxb3 26. Bxe5 (26. Nc5
Qe3) 26... Qxa4 $17) ({oder} 24. Qd4 Bf6 ({der Damengewinn nach} 24... Nf5 25.
Qxe5 Bd6 26. Qxf5 exf5 27. Nxb5 {[%csl Gd4] verspricht dem Anzienden viel mehr
Kompensation, als er verdient.}) 25. Qf4 bxa4 $17) 24... Nec4 $1 25. bxc4 Nxc4
26. Qf4 (26. Qc2 Ne3+) 26... e5 {Die Dame geht verloren.} 0-1